| 000 | 00879nam a2200277Ia 4500 | ||
|---|---|---|---|
| 001 | Para_8578 | ||
| 003 | CHAP | ||
| 008 | 220125s9999 xx 000 0 und d | ||
| 010 | _a207389 | ||
| 040 | _cCHAP | ||
| 082 | _aPA-C 595.752 A6 | ||
| 100 |
_aDavidson, J. _9171040 |
||
| 245 |
_aBiological studies of aphis rumicis, linn. / _c by J. Davidson |
||
| 300 | _a9 p. | ||
| 440 |
_aAphidae; 23 _9173975 |
||
| 500 | _aSobretiro de: Bull. Ent. Res. 12 (1): 81-89, 1921. Encuadernado con otros impresos similares | ||
| 650 |
_a _x Afididos _x Colecciones de escritos _x Aphis rumicis _x Afididos _x BiologĂa _9173927 |
||
| 710 |
_aBulletin of Entomological Research 12 _9173981 |
||
| 901 | _aPA-C 595.752 A6 | ||
| 902 | _aA | ||
| 905 | _a000000 0000000000 00 | ||
| 910 | _a | ||
| 942 | _cPARA | ||
| 942 |
_cPARA _d1 |
||
| 999 |
_c207389 _d207389 |
||